|
|
|
|
| LEADER |
00000nab a2200000u 4500 |
| 001 |
vtls012237000 |
| 003 |
SK-MaSNL |
| 005 |
20260303192242.0 |
| 008 |
230814|2023 xo ||||||| || ||slo| |
| 038 |
|
|
|a KEVKJB
|
| 040 |
|
|
|a KEVKJB
|b slo
|e rda
|
| 041 |
0 |
|
|a slo
|
| 043 |
|
|
|a e-xo---
|
| 044 |
|
|
|a xo
|c SK
|
| 072 |
|
7 |
|a 641
|x Kuchárstvo. Potraviny. Varené jedlá
|2 konspekt
|
| 080 |
|
|
|a 355.343:641.5-051
|2 2011
|
| 100 |
1 |
|
|a red.
|4 ivr
|9 848321
|
| 245 |
1 |
0 |
|a Rozhovor s Gabrielom Kocákom
|c [autor] red.
|
| 300 |
|
|
|b Fotografie
|
| 336 |
|
|
|a text
|b txt
|2 rdacontent
|
| 337 |
|
|
|a bez média
|b n
|2 rdamedia
|
| 338 |
|
|
|a zväzok
|b nc
|2 rdacarrier
|
| 600 |
1 |
7 |
|a Kocák, Gabriel
|2 kevkjb
|9 1185344
|
| 610 |
2 |
7 |
|a Košický samosprávny kraj (Slovensko).
|b Úrad
|2 SNKKA
|9 30611
|
| 650 |
0 |
7 |
|a kuchári
|2 SNKPH
|9 58394
|
| 650 |
0 |
7 |
|a rodáci
|2 SNKPH
|9 30842
|
| 651 |
|
7 |
|a Medzev (Slovensko)
|2 SNKPHgeo
|9 25106
|
| 651 |
|
7 |
|a Košice-okolie (Slovensko : okres)
|2 SNKPHgeo
|9 146743
|
| 655 |
|
7 |
|a rozhovory
|2 SNKPH
|9 31831
|
| 700 |
1 |
|
|a Kocák, Gabriel
|4 ive
|9 1185344
|
| 773 |
0 |
|
|t Rozhýbaný kraj
|g Roč. 5, č. 3 (2023), s. 4-5
|x 2644-4259
|
| 852 |
|
|
|a KEVKJB
|b KIS3GCP
|
| 958 |
|
|
|a BX
|
| 999 |
|
|
|c 2145142
|d 2147072
|